000 00591nam a2200193 i 4500
001 16842
003 ES-MaACL
005 20250317132155.0
007 t|
008 001113s1940 fr ||||1| spa d
080 _a929 Prieto, Indalecio
100 1 _aAláiz, Felipe.
_919091
245 1 0 _aIndalecio Prieto
_b: padrino de Negrín y campeón anticomunista /
_cpor Felipe Aláiz.
260 _aToulouse :
_bPáginas Libres,
_c[1940?]
300 _a39 p. ;
_c22 cm.
600 1 4 _aPrieto, Indalecio,
_d1883-1962
_993889
852 _aES-MaACL
_j2157-F-18
_bR.126915
999 _c16842
_d16842